Polyphonies des Iles Salomon Polyphonies of the Solomon Islands /
Saved in:
| 其他作者: | |
|---|---|
| 格式: | 音频 |
| 语言: | Austronesian |
| 出版: |
Paris :
Chant du Monde : Distribution, Harmonia Mundi France,
p1990.
|
| 丛编: | Collection du Centre national de la recherche scientifique et du Musée de l'homme.
|
| 主题: | |
| 标签: |
添加标签
没有标签, 成为第一个标记此记录!
|
| LEADER | 03180njm a2200493 a 4500 | ||
|---|---|---|---|
| 001 | 007766573-2 | ||
| 005 | 20020606104010.5 | ||
| 008 | 981124p19901974fr fm gik map d | ||
| 024 | 1 | |a 149025041838 | |
| 028 | 0 | 2 | |a LDX 274 663 |b Chant du Monde |
| 028 | 0 | 0 | |a LDX 74 663 |b Chant du Monde |
| 028 | 0 | 2 | |a CNR 274663 |b Chant du Monde |
| 033 | 1 | |a 197407-- |a 197409-- | |
| 035 | 0 | |a ocm28870628 | |
| 035 | 1 | |a MAHS98R1327 | |
| 035 | 1 | |z NYUG92R1763 | |
| 040 | |a NNU |c NNU |d PU |d CStRLIN |d MH-Mu | ||
| 041 | 0 | |d mappaa |e freeng |h mappaa |g engfre | |
| 043 | |a pobp--- | ||
| 245 | 0 | 0 | |a Polyphonies des Iles Salomon |h [sound recording] = |b Polyphonies of the Solomon Islands / |c enregistrements de Hugo Zemp. |
| 246 | 3 | |a Polyphonies of the Solomon Islands | |
| 246 | 3 | |a Guadalcanal et Savo | |
| 246 | 3 | |a Guadalcanal and Savo | |
| 260 | |a Paris : |b Chant du Monde : |b Distribution, Harmonia Mundi France, |c p1990. | ||
| 300 | |a 1 sound disc : |b digital ; |c 4 3/4 in. | ||
| 490 | 1 | |a Collection C.N.R.S., Musée de l'homme | |
| 500 | |a The 1st-7th works performed by an ensemble of pan pipes (called rihe mumu, also the title of the 1st piece), the 8th-14th and 19th-23rd by women's voices, and the 15th-18th and 24th-25th by mixed voices. The 8th-14th and 21st-22nd pieces are rope (round dance) songs, the 15th-18th lalaa songs, the 19th-20th and 24th-25th sitting dance songs. | ||
| 500 | |a The vocal parts of the pieces recorded in Guadalcanal either wordless or sung in Nginia; songs from Savo sung in Savosavo. | ||
| 500 | |a Additional title on container: Guadalcanal et Savo = Guadalcanal and Savo. | ||
| 500 | |a Compact disc. | ||
| 500 | |a "New edition of [analog] record LDX 74663 [orig. issued in 1978 or 1979], revised and augmented..."--Program notes, p. 31. | ||
| 500 | |a Program notes by Hugo Zemp in French with English translation (32 p. : ill.) inserted in container. | ||
| 505 | 0 | |a Rihe mumu (2:31) -- Toku (2:40) -- Kikira (1:44) -- Tei (2:19) -- Kwe na bolo (2:14) -- Mbumbusa (1:24) -- Tselema (1:59) -- Ratsi rope (1:37) -- Sale mana oolo sale (1:21) -- Manu mbulau (1:09) -- Tsivi (1:23) -- Tsomimbolo (1:09) -- Kigho (:57) -- Nginga ngere Keke (1:55) -- Vinango (3:44) -- Aiva lemeni tulo taolo (1:50) -- Tabili boti (3:51) -- Vevelugo (1:13) -- Segela ragili (1:21) -- Ovi udu goe (2:13) -- Gelegele kuli (1:22) -- Vararagu (2:10) -- Berceuse : Nyuba nunuli (2:08) -- Buzubuzu (5:42) -- Jejere dukuli (5:08). | |
| 511 | 0 | |a Sung and played by native musicians. | |
| 518 | |a Field recordings made July 1974 in the village of Kakabona on Guadalcanal Island (1st-14th works), and Sept. 1974 in the villages of Panueli (15th-22nd, 24th-25th works), and Pagopago (23rd work) on Savo Island. Some of those recorded in Panueli performed with women singers from Sesepi and from Pagopago. | ||
| 650 | 0 | |a Melanesians |z Solomon Islands |v Music. | |
| 650 | 0 | |a Folk music |z Solomon Islands. | |
| 650 | 0 | |a Folk songs |z Solomon Islands. | |
| 650 | 0 | |a Solomon Islanders |v Music. | |
| 650 | 0 | |a Music |z Solomon Islands. | |
| 700 | 1 | |a Zemp, Hugo. | |
| 830 | 0 | |a Collection du Centre national de la recherche scientifique et du Musée de l'homme. | |
| 988 | |a 20020608 | ||
| 906 | |0 RLIN | ||


